X-Men Team Quiz - Statistics

General Stats
  • This quiz has been taken 51 times
  • The average score is 32 of 48
Answer Stats
Characters % Correct
Cyclops
97%
Professor X
94%
Storm
94%
Beast
92%
Colossus
92%
Jean Grey
92%
Magneto
92%
Mystique
92%
Wolverine
92%
Iceman
89%
Nightcrawler
89%
Angel
86%
Archangel
86%
Gambit
86%
Rogue
83%
Cable
81%
Banshee
78%
Jubilee
78%
QuickSilver
78%
Shadowcat
78%
Toad
78%
Bishop
75%
Psylocke
72%
Scarlet witch
72%
Deadpool
69%
Havok
69%
Domino
64%
Blob
61%
Polaris
61%
Emma Frost
58%
Thunderbird
58%
Pyro
56%
Sunfire
56%
Captain Britain
53%
Forge
53%
Rachel Summers
53%
CannonBall
50%
Warpath
47%
Multiple Man
44%
Wolfsbane
44%
Shatterstar
42%
Strong Guy
42%
Avalanche
39%
Fantomex
39%
Mastermind
39%
Destiny
33%
BoomBoom
31%
Feral
31%
No matching quizzes found
Score Distribution
Percent of People with Each Score
Percentile by Number Answered
Your Score History
You have not taken this quiz